| 000 | 00562nam a22001817a 4500 | ||
|---|---|---|---|
| 999 |
_c16109 _d16109 |
||
| 003 | AR-CdUCM | ||
| 008 | 190502b ||||| |||| 00| 0 spa d | ||
| 040 |
_aMUNICIPALIDAD PROVINCIAL DEL CUSCO _cBIBLIOTECA MUNICIPAL DEL CUSCO |
||
| 082 |
_aEP / 372.64 / _bT79 |
||
| 245 | _aLos tres perritos / | ||
| 260 |
_aLima : _bEdiciones Con.Bel. |
||
| 300 |
_bilustraciones, _c26 cm. |
||
| 440 |
_aColección animales Juguetones. _n2 _935391 |
||
| 650 |
_aAprendizaje _92143 |
||
| 710 |
_aEditorial Navarrete. _918381 |
||
| 942 |
_2ddc _cLIBROS |
||
| 945 |
_aachl _d2019-05-02 |
||